[Event "1FoglarVeterans_SIM"]
[Site "?"]
[Date "2005.??.??"]
[Round "?"]
[White "Bucek, Jiri"]
[Black "Brousek, Jiri"]
[Result "1/2-1/2"]
[WhiteElo "2360"]
[BlackElo "2407"]
[PlyCount "35"]
[EventDate "2005.??.??"]
[EventType "corr"]
[SourceDate "2005.05.10"]

1. d4 e6 2. c4 f5 3. g3 Nf6 4. Bg2 c6 5. Qc2 d5 6. Nh3 Bd6 7. O-O Na6 8. Bf4
Be7 9. Nd2 O-O 10. a3 Bd7 11. b4 Ne4 12. c5 Bf6 13. Nxe4 fxe4 14. Bd6 Be7 15.
Be5 Bf6 16. Bd6 Be7 17. Be5 Bf6 18. Bd6 1/2-1/2

[Event "1FoglarVeterans_SIM"]
[Site "?"]
[Date "2005.??.??"]
[Round "?"]
[White "Bucek, Jiri"]
[Black "Buchaillot, Luis Mario"]
[Result "1/2-1/2"]
[WhiteElo "2360"]
[BlackElo "2209"]
[PlyCount "47"]
[EventDate "2005.??.??"]
[EventType "corr"]
[SourceDate "2005.05.10"]

1. e4 d5 2. exd5 Nf6 3. d4 Nxd5 4. c4 Nb6 5. Nf3 g6 6. h3 Bg7 7. Nc3 O-O 8. Be2
Nc6 9. Be3 e5 10. d5 Ne7 11. O-O Nf5 12. Bg5 f6 13. Bd2 c6 14. dxc6 bxc6 15. c5
Nd5 16. Bc4 Be6 17. Qa4 Nfe7 18. Rfe1 Qd7 19. Rad1 Rab8 20. Ne4 h6 21. Ng3 Rfe8
22. Ne4 Rf8 23. Bc3 Kh8 24. a3 1/2-1/2

[Event "1FoglarVeterans_SIM"]
[Site "?"]
[Date "2005.??.??"]
[Round "?"]
[White "Bucek, Jiri"]
[Black "Schwarz, Jan"]
[Result "1/2-1/2"]
[WhiteElo "2360"]
[BlackElo "2260"]
[PlyCount "49"]
[EventDate "2005.??.??"]
[EventType "corr"]
[SourceDate "2005.05.10"]

1. d4 Nf6 2. g3 d5 3. Nf3 Bf5 4. Bg2 e6 5. c4 c6 6. Nc3 Nbd7 7. O-O dxc4 8. Nh4
Bg4 9. f3 Bh5 10. e4 Bb4 11. Qc2 h6 12. Bh3 g5 13. Ng2 Qb6 14. Be3 Rg8 15. Na4
Qa6 16. b3 cxb3 17. axb3 Qb5 18. Nb2 Bxf3 19. Rxf3 g4 20. Bxg4 Nxg4 21. Nc4 Qh5
22. Nf4 Nxe3 23. Rxe3 Qg5 24. Kh1 e5 25. dxe5 1/2-1/2

[Event "1FoglarVeterans_SIM"]
[Site "?"]
[Date "2005.??.??"]
[Round "?"]
[White "Bucek, Jiri"]
[Black "Woznica, Miroslaw"]
[Result "1/2-1/2"]
[WhiteElo "2360"]
[BlackElo "2273"]
[PlyCount "57"]
[EventDate "2005.??.??"]
[EventType "corr"]
[SourceDate "2005.05.10"]

1. d4 f5 2. c4 Nf6 3. g3 e6 4. Bg2 Be7 5. Nf3 O-O 6. O-O d5 7. Nc3 c6 8. Bg5
Nbd7 9. Qd3 Ne4 10. Bxe7 Qxe7 11. Rac1 b6 12. cxd5 exd5 13. Bh3 Bb7 14. Nh4 g6
15. Nxe4 dxe4 16. Qb3+ Qf7 17. Qxf7+ Kxf7 18. f3 Ke7 19. fxe4 fxe4 20. Ng2
Rxf1+ 21. Kxf1 Nf6 22. Ne3 Rd8 23. Rd1 Bc8 24. Bxc8 Rxc8 25. Ke1 h6 26. Rc1 Ke6
27. Kd2 Nd5 28. Nxd5 Kxd5 29. Ke3 1/2-1/2

[Event "1FoglarVeterans_SIM"]
[Site "?"]
[Date "2005.??.??"]
[Round "?"]
[White "Buczinski, Henryk"]
[Black "Bucek, Jiri"]
[Result "1/2-1/2"]
[WhiteElo "2315"]
[BlackElo "2360"]
[PlyCount "56"]
[EventDate "2005.??.??"]
[EventType "corr"]
[SourceDate "2005.05.10"]

1. d4 Nf6 2. g3 d5 3. Nf3 Bf5 4. Bg2 e6 5. c4 c6 6. Nc3 Nbd7 7. O-O dxc4 8. Nh4
Bg4 9. f3 Bh5 10. e4 Bb4 11. Qc2 h6 12. Bh3 g5 13. Ng2 Qb6 14. Be3 Rg8 15. Na4
Qa6 16. b3 cxb3 17. axb3 Qb5 18. Nb2 Bxf3 19. Rxf3 g4 20. Bxg4 Nxg4 21. Nc4 Qh5
22. Nf4 Nxe3 23. Rxe3 Qg5 24. Kh1 e5 25. dxe5 Nxe5 26. Rd1 a5 27. Nxe5 Qxe5 28.
Qd3 Qc7 1/2-1/2

[Event "1FoglarVeterans_SIM"]
[Site "?"]
[Date "2005.??.??"]
[Round "?"]
[White "Glaser, Karel"]
[Black "Bucek, Jiri"]
[Result "1/2-1/2"]
[WhiteElo "2310"]
[BlackElo "2360"]
[PlyCount "44"]
[EventDate "2005.??.??"]
[EventType "corr"]
[SourceDate "2005.05.10"]

1. e4 d5 2. exd5 Nf6 3. d4 Nxd5 4. c4 Nb6 5. Nf3 g6 6. h3 Bg7 7. Nc3 O-O 8. Be2
Nc6 9. Be3 e5 10. d5 Ne7 11. O-O Nf5 12. Bg5 f6 13. Bd2 Re8 14. Qc2 Nd4 15.
Nxd4 exd4 16. Ne4 Bf5 17. f3 Nd7 18. Bf4 c5 19. Rae1 b6 20. Bd3 Ne5 21. Qd2 Qd7
22. Bxe5 Rxe5 1/2-1/2

[Event "1FoglarVeterans_SIM"]
[Site "?"]
[Date "2005.??.??"]
[Round "?"]
[White "Kuta, Jiri"]
[Black "Bucek, Jiri"]
[Result "1/2-1/2"]
[WhiteElo "2313"]
[BlackElo "2360"]
[PlyCount "52"]
[EventDate "2005.??.??"]
[EventType "corr"]
[SourceDate "2005.05.10"]

1. d4 Nf6 2. c4 e6 3. Nf3 b6 4. a3 c5 5. d5 d6 6. Nc3 Be7 7. g4 O-O 8. g5 Ne8
9. Bg2 Bb7 10. e4 Nc7 11. O-O Nd7 12. Re1 f6 13. dxe6 Ne5 14. Nxe5 fxe5 15. g6
Nxe6 16. gxh7+ Kh8 17. Be3 Bg5 18. Qh5 Nf4 19. Bxf4 Bxf4 20. Nd5 Bxd5 21. exd5
Rf6 22. h3 Qc7 23. a4 Raf8 24. Be4 Rh6 25. Qg4 Qd8 26. Ra3 Rh4 1/2-1/2

[Event "1FoglarVeterans_SIM"]
[Site "?"]
[Date "2005.??.??"]
[Round "?"]
[White "Leemans, Robert"]
[Black "Bucek, Jiri"]
[Result "1/2-1/2"]
[WhiteElo "2324"]
[BlackElo "2360"]
[PlyCount "42"]
[EventDate "2005.??.??"]
[EventType "corr"]
[SourceDate "2005.05.10"]

1. d4 Nf6 2. c4 e6 3. Nf3 b6 4. g3 Bb7 5. Bg2 Be7 6. O-O O-O 7. b3 d5 8. cxd5
exd5 9. Nc3 Ne4 10. Bb2 Nxc3 11. Bxc3 Nd7 12. b4 Bd6 13. Qb3 Qe7 14. e3 c6 15.
Rfe1 Nf6 16. Nd2 Ne4 17. Nxe4 dxe4 18. b5 cxb5 19. Qxb5 Rac8 20. Rac1 Rfe8 21.
Bb2 Qe6 1/2-1/2

[Event "1FoglarVeterans_SIM"]
[Site "?"]
[Date "2005.??.??"]
[Round "?"]
[White "Vasile, Constantin"]
[Black "Bucek, Jiri"]
[Result "1/2-1/2"]
[WhiteElo "2342"]
[BlackElo "2360"]
[PlyCount "89"]
[EventDate "2005.??.??"]
[EventType "corr"]
[SourceDate "2005.05.10"]

1. d4 f5 2. c4 Nf6 3. g3 e6 4. Bg2 Be7 5. Nf3 O-O 6. O-O d5 7. Nc3 c6 8. Bg5
Nbd7 9. Qd3 Ne4 10. Bxe7 Qxe7 11. Rac1 b6 12. cxd5 exd5 13. Bh3 Bb7 14. Nh4 g6
15. Nxe4 dxe4 16. Qb3+ Qf7 17. Qxf7+ Kxf7 18. f3 Ke7 19. fxe4 fxe4 20. Ng2
Rxf1+ 21. Kxf1 Nf6 22. Ne3 Rd8 23. Rd1 Bc8 24. Bxc8 Rxc8 25. Ke1 h6 26. Rc1 Ke6
27. Kd2 Nd5 28. Nxd5 Kxd5 29. Ke3 Rf8 30. b4 Rf7 31. a4 g5 32. b5 c5 33. dxc5
bxc5 34. Rd1+ Kc4 35. Rb1 Kd5 36. Rd1+ Kc4 37. Kxe4 Kb3 38. a5 Re7+ 39. Kf5 c4
40. b6 axb6 41. axb6 Rb7 42. Rd6 c3 43. Rxh6 c2 44. Rc6 Kb2 45. Kxg5 1/2-1/2

[Event "1FoglarVeterans_SIM"]
[Site "?"]
[Date "2005.??.??"]
[Round "?"]
[White "Wieringen, Cor A."]
[Black "Bucek, Jiri"]
[Result "1/2-1/2"]
[WhiteElo "2304"]
[BlackElo "2360"]
[PlyCount "36"]
[EventDate "2005.??.??"]
[EventType "corr"]
[SourceDate "2005.05.10"]

1. Nc3 d5 2. e3 Nf6 3. f4 c5 4. Nf3 g6 5. Bb5+ Bd7 6. Bxd7+ Nbxd7 7. d3 Bg7 8.
e4 e6 9. O-O O-O 10. Qe1 Qb6 11. Kh1 d4 12. Ne2 Rac8 13. b3 Qc6 14. Bd2 Ng4 15.
Qg3 f5 16. e5 b6 17. a4 Rfe8 18. h3 Nh6 1/2-1/2

[Event "1FoglarVeterans_SIM"]
[Site "?"]
[Date "2005.??.??"]
[Round "?"]
[White "Bucek, Jiri"]
[Black "Baumgartner, Ulrich"]
[Result "1/2-1/2"]
[WhiteElo "2360"]
[BlackElo "2291"]
[PlyCount "72"]
[EventDate "2005.??.??"]
[EventType "corr"]
[SourceDate "2005.05.10"]

1. Nc3 d5 2. e3 Nf6 3. f4 c5 4. Nf3 g6 5. Bb5+ Bd7 6. Bxd7+ Nbxd7 7. d3 Bg7 8.
O-O O-O 9. e4 d4 10. Ne2 e6 11. Ng3 Qb6 12. c4 dxc3 13. bxc3 Ng4 14. Bd2 e5 15.
Rb1 Qc6 16. f5 c4 17. d4 Qd6 18. Kh1 b6 19. d5 a6 20. Qe2 b5 21. a4 Rab8 22.
Ng5 Ngf6 23. fxg6 hxg6 24. axb5 axb5 25. Bc1 Rfc8 26. Qf3 Rc7 27. h4 Nc5 28. h5
Nd3 29. hxg6 fxg6 30. Ne6 Rf7 31. Be3 Rbb7 32. Ra1 Qb8 33. Ng5 Rf8 34. Ne6 Rff7
35. Ng5 Rf8 36. Ne6 Rff7 1/2-1/2

[Event "1FoglarVeterans_SIM"]
[Site "?"]
[Date "2005.??.??"]
[Round "?"]
[White "Bucek, Jiri"]
[Black "Berecz, Garvil"]
[Result "1/2-1/2"]
[WhiteElo "2360"]
[BlackElo "2307"]
[PlyCount "73"]
[EventDate "2005.??.??"]
[EventType "corr"]
[SourceDate "2005.05.10"]

1. d4 Nf6 2. c4 e6 3. Nf3 b6 4. a3 c5 5. d5 d6 6. Nc3 Be7 7. g4 O-O 8. g5 Ne8
9. Bg2 Bb7 10. e4 Nc7 11. O-O Nd7 12. Re1 f6 13. dxe6 Nxe6 14. g6 hxg6 15. Nh4
Ne5 16. f4 g5 17. fxe5 gxh4 18. Qg4 Nd4 19. e6 g5 20. Rf1 Kg7 21. Ne2 Nc6 22.
Qf5 Ne5 23. b3 b5 24. cxb5 Qa5 25. Rb1 Qxb5 26. Nc3 Qd3 27. Bb2 Rab8 28. Ba1
Rh8 29. h3 a6 30. Kh1 Rh6 31. Rfd1 Qg3 32. Nd5 Bxd5 33. exd5 Ng6 34. Rd3 Qf4
35. Rf3 Qxf5 36. Rxf5 Ne5 37. Be4 1/2-1/2

[Event "1FoglarVeterans_SIM"]
[Site "?"]
[Date "2005.??.??"]
[Round "?"]
[White "Woznica, Miroslaw"]
[Black "Buchaillot, Luis Mario"]
[Result "1/2-1/2"]
[WhiteElo "2273"]
[BlackElo "2209"]
[PlyCount "92"]
[EventDate "2005.??.??"]
[EventType "corr"]
[SourceDate "2005.05.10"]

1. e4 c5 2. Nf3 g6 3. d4 Bg7 4. Nc3 Nc6 5. Be3 cxd4 6. Nxd4 Nf6 7. Bc4 O-O 8.
Bb3 a5 9. f3 d6 10. O-O Bd7 11. a4 Rc8 12. Ndb5 h6 13. Qd2 Kh7 14. Rad1 Ne5 15.
Qe2 Be6 16. Bxe6 fxe6 17. Na7 Ra8 18. f4 Nc6 19. Nab5 Qc8 20. Rf2 e5 21. fxe5
Nxe5 22. Bd4 Qc6 23. Rdf1 e6 24. Na7 Qc7 25. Nab5 Qc6 26. Bxe5 dxe5 27. Na3
Rac8 28. h3 Nh5 29. Kh2 Rxf2 30. Qxf2 Rf8 31. Qe2 b6 32. g3 Nf6 33. Qd3 Nd7 34.
Kg2 Rxf1 35. Qxf1 Qd6 36. Qd1 Qc6 37. Qf3 Qc5 38. Qd3 Qc6 39. Qc4 Nc5 40. Qb5
Qd6 41. Qe2 Nd7 42. Nc4 Qb4 43. Qd2 Qxc4 44. Qxd7 Qb4 45. Qb5 Qd4 46. Qc6 Qb4
1/2-1/2

[Event "1FoglarVeterans_SIM"]
[Site "?"]
[Date "2005.??.??"]
[Round "?"]
[White "Vasile, Constantin"]
[Black "Buchaillot, Luis Mario"]
[Result "1-0"]
[WhiteElo "2342"]
[BlackElo "2209"]
[PlyCount "33"]
[EventDate "2005.??.??"]
[EventType "corr"]
[SourceDate "2005.05.10"]

1. d4 Nf6 2. c4 e6 3. Nf3 d5 4. Nc3 c6 5. e3 Nbd7 6. Bd3 Bd6 7. O-O dxc4 8.
Bxc4 O-O 9. e4 e5 10. Bg5 Qe7 11. d5 Nb6 12. Bb3 h6 13. Bh4 g5 14. Bg3 cxd5 15.
exd5 Nbxd5 16. Bxd5 Rd8 17. Qc2 1-0

[Event "1FoglarVeterans_SIM"]
[Site "?"]
[Date "2005.??.??"]
[Round "?"]
[White "Leemans, Robert"]
[Black "Vasile, Constantin"]
[Result "1/2-1/2"]
[WhiteElo "2324"]
[BlackElo "2342"]
[PlyCount "27"]
[EventDate "2005.??.??"]
[EventType "corr"]
[SourceDate "2005.05.10"]

1. e4 c5 2. Nc3 Nc6 3. Nf3 Nf6 4. Bb5 e5 5. Bxc6 dxc6 6. Nxe5 Nxe4 7. Nxe4 Qd4
8. d3 Qxe5 9. f4 Qf5 10. Qe2 Be6 11. Ng3 Qg4 12. f5 Qxe2+ 13. Kxe2 Bd5 14. Kf2
1/2-1/2

[Event "1FoglarVeterans_SIM"]
[Site "?"]
[Date "2005.??.??"]
[Round "?"]
[White "Vasile, Constantin"]
[Black "Woznica, Miroslaw"]
[Result "1-0"]
[WhiteElo "2342"]
[BlackElo "2273"]
[PlyCount "117"]
[EventDate "2005.??.??"]
[EventType "corr"]
[SourceDate "2005.05.10"]

1. d4 Nf6 2. c4 e6 3. Nf3 b6 4. Nc3 Bb7 5. Bg5 Bb4 6. e3 h6 7. Bh4 g5 8. Bg3
Ne4 9. Qc2 Bxc3+ 10. bxc3 Nxg3 11. hxg3 d6 12. Bd3 Nd7 13. Be4 Bxe4 14. Qxe4
Ke7 15. Qd3 Qg8 16. e4 Qg6 17. Nd2 Rag8 18. a4 a5 19. Rb1 h5 20. Rb5 h4 21. g4
Qf6 22. Qe3 e5 23. Rh3 Qg6 24. Rf3 Rh6 25. Rf5 h3 26. gxh3 Rgh8 27. Rf3 R8h7
28. Kf1 Rh4 29. c5 dxc5 30. dxc5 Nxc5 31. Nc4 Ke8 32. Rxc5 bxc5 33. Qxc5 R4h6
34. Qxc7 Qxe4 35. Nxe5 Qa8 36. Qd7+ Kf8 37. Rxf7+ Kg8 38. Rxh7 Rxh7 39. Qe6+
Kh8 40. Ng6+ Kg7 41. Ne7 Qf8 42. Nf5+ Kh8 43. Qe5+ Kg8 44. Qd5+ Kh8 45. Kg2 Qe8
46. Nd6 Qxa4 47. Qa8+ Kg7 48. Nf5+ Kf7 49. Qb7+ Kg6 50. Qb6+ Kf7 51. Qc7+ Kg8
52. Qd8+ Kf7 53. Qe7+ Kg8 54. Qxg5+ Kf8 55. Qf6+ Kg8 56. g5 Qe4+ 57. Kh2 Qf4+
58. Kg1 Qd2 59. g6 1-0

[Event "1FoglarVeterans_SIM"]
[Site "?"]
[Date "2005.??.??"]
[Round "?"]
[White "Wieringen, Cor A."]
[Black "Buchaillot, Luis Mario"]
[Result "1/2-1/2"]
[WhiteElo "2304"]
[BlackElo "2209"]
[PlyCount "34"]
[EventDate "2005.??.??"]
[EventType "corr"]
[SourceDate "2005.05.10"]

1. Nc3 c5 2. Nf3 d6 3. e4 e5 4. Bc4 Be7 5. d3 Nf6 6. O-O O-O 7. h3 a6 8. Nd5
Nxd5 9. Bxd5 Nd7 10. c3 Nf6 11. Bb3 b5 12. Re1 Qc7 13. Bg5 c4 14. Bc2 Bb7 15.
d4 Rfe8 16. Bh4 a5 17. Bg3 Bf8 1/2-1/2

[Event "1FoglarVeterans_SIM"]
[Site "?"]
[Date "2005.??.??"]
[Round "?"]
[White "Glaser, Karel"]
[Black "Vasile, Constantin"]
[Result "1/2-1/2"]
[WhiteElo "2310"]
[BlackElo "2342"]
[PlyCount "69"]
[EventDate "2005.??.??"]
[EventType "corr"]
[SourceDate "2005.05.10"]

1. e4 c5 2. Nf3 Nc6 3. d4 cxd4 4. Nxd4 Nf6 5. Nc3 e5 6. Ndb5 d6 7. Bg5 a6 8.
Na3 b5 9. Bxf6 gxf6 10. Nd5 f5 11. Bd3 Be6 12. O-O Bg7 13. c3 Bxd5 14. exd5 Ne7
15. Nc2 e4 16. Be2 O-O 17. Qd2 Rc8 18. a4 Rc5 19. axb5 Rxd5 20. Qe3 axb5 21.
Nb4 Re5 22. Rfd1 Qc7 23. Ra7 Qc5 24. Rd7 Qxe3 25. fxe3 Bh6 26. Kf2 f4 27. exf4
Bxf4 28. g3 Bg5 29. Rb7 f5 30. Rxd6 f4 31. Rdd7 fxg3+ 32. Kxg3 Nf5+ 33. Kh3 Re6
34. Rxh7 Bh6 35. Nd5 1/2-1/2

[Event "1FoglarVeterans_SIM"]
[Site "?"]
[Date "2005.??.??"]
[Round "?"]
[White "Buczinski, Henryk"]
[Black "Vasile, Constantin"]
[Result "1/2-1/2"]
[WhiteElo "2315"]
[BlackElo "2342"]
[PlyCount "64"]
[EventDate "2005.??.??"]
[EventType "corr"]
[SourceDate "2005.05.10"]

1. e4 c5 2. Nf3 Nc6 3. Nc3 Nf6 4. Bb5 e5 5. Bxc6 dxc6 6. Nxe5 Nxe4 7. Nxe4 Qd4
8. Qe2 Qxe5 9. f4 Qxf4 10. d4 Qh4+ 11. g3 Qe7 12. O-O f5 13. Nd6+ Kd7 14. Qxe7+
Bxe7 15. dxc5 Bxd6 16. Rd1 Re8 17. Rxd6+ Ke7 18. Bf4 Kf7 19. Kf2 h6 20. h4 Be6
21. b3 Re7 22. c4 Rae8 23. Re1 Kg6 24. a4 Kh5 25. Rd3 Bd7 26. Rxe7 Rxe7 27. Bb8
a6 28. Bd6 Rf7 29. Ke3 g5 30. hxg5 hxg5 31. a5 Be6 32. Rd1 Kg4 1/2-1/2

[Event "1FoglarVeterans_SIM"]
[Site "?"]
[Date "2005.??.??"]
[Round "?"]
[White "Brousek, Jiri"]
[Black "Vasile, Constantin"]
[Result "1/2-1/2"]
[WhiteElo "2407"]
[BlackElo "2342"]
[PlyCount "112"]
[EventDate "2005.??.??"]
[EventType "corr"]
[SourceDate "2005.05.10"]

1. d4 Nf6 2. Nf3 d5 3. e3 Bf5 4. c4 e6 5. Nc3 c6 6. Bd3 dxc4 7. Bxf5 exf5 8.
Qc2 Qd7 9. O-O Bd6 10. e4 fxe4 11. Nxe4 Nxe4 12. Qxe4+ Qe6 13. Qxe6+ fxe6 14.
Bd2 h6 15. Rfc1 b5 16. b3 cxb3 17. axb3 Kf7 18. Ra5 Rd8 19. Rca1 a6 20. b4 Bc7
21. R5a2 Rd5 22. h3 Bd6 23. Kf1 Ra7 24. Rb1 g5 25. Re1 Re7 26. Rc2 Re8 27. Re4
Kf6 28. Rc1 Kf5 29. Re2 h5 30. Rb1 g4 31. hxg4+ hxg4 32. Nh4+ Kf6 33. Re4 e5
34. Rbe1 Kf7 35. Nf5 Bf8 36. Rxg4 c5 37. bxc5 exd4 38. Rxe8 Kxe8 39. Nxd4 Bxc5
40. Rg8+ Bf8 41. Bb4 Rxd4 42. Rxf8+ Kd7 43. Rxb8 Rxb4 44. Ra8 Ra4 45. Ke2 Kc7
46. f3 Ra2+ 47. Kd3 Kb7 48. Rg8 a5 49. f4 a4 50. Kc3 Re2 51. Kb4 Rb2+ 52. Ka3
Rb3+ 53. Ka2 Re3 54. f5 Re5 55. g4 b4 56. Rd8 Re2+ 1/2-1/2

[Event "1FoglarVeterans_SIM"]
[Site "?"]
[Date "2005.??.??"]
[Round "?"]
[White "Buczinski, Henryk"]
[Black "Woznica, Miroslaw"]
[Result "1/2-1/2"]
[WhiteElo "2315"]
[BlackElo "2273"]
[PlyCount "75"]
[EventDate "2005.??.??"]
[EventType "corr"]
[SourceDate "2005.05.10"]

1. e4 e5 2. Nf3 Nc6 3. Bb5 a6 4. Ba4 Nf6 5. O-O Be7 6. Re1 b5 7. Bb3 O-O 8. c3
d6 9. h3 Bb7 10. d4 Re8 11. Nbd2 Bf8 12. a4 exd4 13. cxd4 Na5 14. Bc2 c5 15. b3
Nc6 16. Bb2 Nb4 17. Bb1 bxa4 18. Rxa4 d5 19. exd5 Rxe1+ 20. Qxe1 Qxd5 21. dxc5
Re8 22. Qc1 Qxc5 23. Qxc5 Bxc5 24. Bxf6 gxf6 25. Kf1 Bc6 26. Ra1 Bb5+ 27. Nc4
Nd5 28. g3 Nc3 29. Bd3 Ne4 30. Bxe4 Rxe4 31. Ne1 Bd4 32. Rc1 a5 33. Nd3 Ba7 34.
Ndb2 Kg7 35. Ra1 Bb6 36. Rd1 Rd4 37. Ra1 Re4 38. Rd1 1/2-1/2

[Event "1FoglarVeterans_SIM"]
[Site "?"]
[Date "2005.??.??"]
[Round "?"]
[White "Buchaillot, Luis Mario"]
[Black "Schwarz, Jan"]
[Result "1/2-1/2"]
[WhiteElo "2209"]
[BlackElo "2260"]
[PlyCount "40"]
[EventDate "2005.??.??"]
[EventType "corr"]
[SourceDate "2005.05.10"]

1. c4 Nf6 2. g3 e5 3. Bg2 g6 4. Nf3 d6 5. O-O Bg7 6. Nc3 O-O 7. h3 c6 8. d3 h6
9. Be3 d5 10. cxd5 Nxd5 11. Nxd5 cxd5 12. d4 e4 13. Ne5 Kh7 14. f3 f6 15. Ng4
f5 16. Ne5 Nd7 17. f4 Nb6 18. b3 Be6 19. a4 a5 20. Qd2 Nd7 1/2-1/2

[Event "1FoglarVeterans_SIM"]
[Site "?"]
[Date "2005.??.??"]
[Round "?"]
[White "Brousek, Jiri"]
[Black "Buczinski, Henryk"]
[Result "1/2-1/2"]
[WhiteElo "2407"]
[BlackElo "2315"]
[PlyCount "57"]
[EventDate "2005.??.??"]
[EventType "corr"]
[SourceDate "2005.05.10"]

1. d4 d5 2. Nf3 c6 3. c4 e6 4. e3 Nf6 5. Bd3 Bd6 6. Nc3 Nbd7 7. O-O O-O 8. Qc2
dxc4 9. Bxc4 e5 10. Bd2 Qe7 11. Ng5 h6 12. Nge4 exd4 13. exd4 Nb6 14. Bd3 Nxe4
15. Nxe4 Bc7 16. Rfe1 Nd5 17. a4 a5 18. g3 Bb6 19. Nc5 Qf6 20. Bc3 Nxc3 21.
Qxc3 Bh3 22. Re5 Rae8 23. Rae1 Rxe5 24. Rxe5 Bc7 25. Re1 b6 26. Ne4 Qg6 27. Nd2
Qd6 28. Nf3 Rd8 29. Qc2 1/2-1/2

[Event "1FoglarVeterans_SIM"]
[Site "?"]
[Date "2005.??.??"]
[Round "?"]
[White "Buczinski, Henryk"]
[Black "Buchaillot, Luis Mario"]
[Result "1/2-1/2"]
[WhiteElo "2315"]
[BlackElo "2209"]
[PlyCount "104"]
[EventDate "2005.??.??"]
[EventType "corr"]
[SourceDate "2005.05.10"]

1. d4 g6 2. e4 Bg7 3. Nc3 d6 4. Nf3 Nf6 5. Be2 O-O 6. O-O c5 7. d5 a6 8. a4 e5
9. dxe6 Bxe6 10. Ng5 Nc6 11. Nxe6 fxe6 12. Bc4 Qd7 13. Bg5 Rae8 14. f3 Qc7 15.
Kh1 Nd7 16. f4 Nd4 17. Qd2 Qa5 18. f5 Qb4 19. Bxe6+ Nxe6 20. fxe6 Rxe6 21. Qd5
Rfe8 22. Rab1 h6 23. Bd2 Nf6 24. Qa2 Kh7 25. Rbe1 b5 26. axb5 axb5 27. Re2 c4
28. e5 dxe5 29. Qa3 Qxa3 30. bxa3 e4 31. Nxb5 Nd5 32. g3 e3 33. Bc1 Rb8 34. a4
Ra6 35. Rf7 Kg8 36. Rd7 Nf6 37. Rd1 Rxa4 38. Nc3 Ra1 39. Bxe3 Rxd1+ 40. Nxd1
Rb1 41. Rd2 Ng4 42. Bg1 Rc1 43. h3 Ne5 44. Kg2 c3 45. Rd8+ Kf7 46. Ne3 Nc6 47.
Rd7+ Kg8 48. Rd1 Rxd1 49. Nxd1 Kf7 50. Bb6 Ke6 51. Kf3 Nb4 52. Ne3 Be5 1/2-1/2

[Event "1FoglarVeterans_SIM"]
[Site "?"]
[Date "2005.??.??"]
[Round "?"]
[White "Woznica, Miroslaw"]
[Black "Schwarz, Jan"]
[Result "1/2-1/2"]
[WhiteElo "2273"]
[BlackElo "2260"]
[PlyCount "65"]
[EventDate "2005.??.??"]
[EventType "corr"]
[SourceDate "2005.05.10"]

1. e4 c5 2. Nf3 Nc6 3. d4 cxd4 4. Nxd4 Nf6 5. Nc3 e5 6. Ndb5 d6 7. Bg5 a6 8.
Na3 b5 9. Bxf6 gxf6 10. Nd5 f5 11. Bd3 Be6 12. Qh5 Rg8 13. g3 Nd4 14. c3 fxe4
15. Bxe4 Bg4 16. Qxh7 Rg7 17. Qh6 Nf3+ 18. Ke2 Ng5+ 19. f3 Nxe4 20. fxg4 Qc8
21. Qe3 Qxg4+ 22. Qf3 Qxf3+ 23. Kxf3 f5 24. Nc2 Kf7 25. Nde3 Ng5+ 26. Ke2 Ke6
27. a4 bxa4 28. Rhf1 Rb7 29. Rxf5 Ne4 30. Nb4 Nc5 31. Raf1 Be7 32. Rh5 a5 33.
Rh6+ 1/2-1/2

[Event "1FoglarVeterans_SIM"]
[Site "?"]
[Date "2005.??.??"]
[Round "?"]
[White "Leemans, Robert"]
[Black "Kuta, Jiri"]
[Result "1/2-1/2"]
[WhiteElo "2324"]
[BlackElo "2313"]
[PlyCount "32"]
[EventDate "2005.??.??"]
[EventType "corr"]
[SourceDate "2005.05.10"]

1. e4 c5 2. Nf3 Nc6 3. Nc3 Nf6 4. Bb5 Qc7 5. d3 e6 6. Bxc6 Qxc6 7. Ne5 Qc7 8.
Ng4 Be7 9. O-O O-O 10. Bg5 Nxg4 11. Qxg4 f5 12. exf5 Bxg5 13. Qxg5 Rxf5 14. Qe7
Rf7 15. Qe8+ Rf8 16. Qe7 Rf7 1/2-1/2

[Event "1FoglarVeterans_SIM"]
[Site "?"]
[Date "2005.??.??"]
[Round "?"]
[White "Schwarz, Jan"]
[Black "Vasile, Constantin"]
[Result "1/2-1/2"]
[WhiteElo "2260"]
[BlackElo "2342"]
[PlyCount "78"]
[EventDate "2005.??.??"]
[EventType "corr"]
[SourceDate "2005.05.10"]

1. e4 c5 2. Nf3 Nc6 3. d4 cxd4 4. Nxd4 Nf6 5. Nc3 e5 6. Ndb5 d6 7. Bg5 a6 8.
Na3 b5 9. Nd5 Be7 10. Bxf6 Bxf6 11. c3 O-O 12. Nc2 Bg5 13. a4 bxa4 14. Rxa4 a5
15. Bc4 Rb8 16. Ra2 Ne7 17. Nce3 Nxd5 18. Nxd5 Kh8 19. O-O f5 20. exf5 Bxf5 21.
Qe2 Bd7 22. b3 Bc6 23. Rfa1 Qc8 24. Rxa5 Bd8 25. R5a2 Bxd5 26. Bxd5 Qxc3 27.
Qd2 Qxd2 28. Rxd2 Bb6 29. Kf1 g5 30. h3 Kg7 31. f3 Rfc8 32. Ke2 Kf6 33. Bc4 Bd4
34. Ra6 Ke7 35. Kd3 h5 36. Ke4 Rf8 37. Rc6 Rb7 38. Ra2 Rf4+ 39. Kd5 Bc5 1/2-1/2

[Event "1FoglarVeterans_SIM"]
[Site "?"]
[Date "2005.??.??"]
[Round "?"]
[White "Woznica, Miroslaw"]
[Black "Brousek, Jiri"]
[Result "0-1"]
[WhiteElo "2273"]
[BlackElo "2407"]
[PlyCount "120"]
[EventDate "2005.??.??"]
[EventType "corr"]
[SourceDate "2005.05.10"]

1. e4 e6 2. d4 d5 3. Nc3 Bb4 4. e5 c5 5. a3 Bxc3+ 6. bxc3 Ne7 7. Nf3 Nbc6 8.
Be2 O-O 9. O-O Ng6 10. Bg5 Qa5 11. Bd2 Qc7 12. Bd3 Bd7 13. Rb1 b6 14. h4 f6 15.
exf6 Rxf6 16. Bg5 Rff8 17. Bxg6 hxg6 18. Re1 Rf5 19. Be3 cxd4 20. cxd4 Na5 21.
Qd3 Nc4 22. Bd2 Raf8 23. Re2 a5 24. Bg5 Qd6 25. Ne5 Nxe5 26. dxe5 Qc7 27. Be3
b5 28. f4 Rc8 29. g3 Qb7 30. Rd2 Rc4 31. Rb3 b4 32. axb4 a4 33. Rb2 Rxb4 34.
Rxb4 Qxb4 35. c4 Bc6 36. c5 a3 37. Rd1 a2 38. Ra1 d4 39. Bxd4 Rf7 40. Kh2 Rd7
41. Rxa2 Qxd4 42. Qxd4 Rxd4 43. Rc2 Rd1 44. Kh3 Bf3 45. g4 Rd3 46. Rc1 Bc6+ 47.
Kh2 Rf3 48. Rc4 Kf7 49. Rb4 Rc3 50. Rb8 Bf3 51. g5 Rxc5 52. Rb3 Bd5 53. Ra3 Rc7
54. Kg3 Rb7 55. Rc3 Rb3 56. Rxb3 Bxb3 57. Kf3 Ke7 58. Ke4 Kd7 59. Ke3 Kc6 60.
Kd4 Ba2 0-1

[Event "1FoglarVeterans_SIM"]
[Site "?"]
[Date "2005.??.??"]
[Round "?"]
[White "Brousek, Jiri"]
[Black "Glaser, Karel"]
[Result "1-0"]
[WhiteElo "2407"]
[BlackElo "2310"]
[PlyCount "61"]
[EventDate "2005.??.??"]
[EventType "corr"]
[SourceDate "2005.05.10"]

1. d4 Nf6 2. Nf3 e6 3. e3 d5 4. Bd3 Nbd7 5. O-O c5 6. b3 Bd6 7. Bb2 Qc7 8. Na3
a6 9. c4 cxd4 10. exd4 b6 11. cxd5 Nxd5 12. Rc1 Qd8 13. Nc4 Be7 14. Nfe5 Bb7
15. Nxd7 Qxd7 16. Ne5 Qd6 17. Qh5 g6 18. Qh6 Bf8 19. Qh4 Qe7 20. Qg3 Bh6 21.
Rce1 O-O 22. Be4 Rfd8 23. f4 Bg7 24. Qg5 Qd6 25. Qh4 Rab8 26. Nxf7 Kxf7 27.
Qxh7 Kf8 28. f5 gxf5 29. Bxf5 exf5 30. Rxf5+ Nf6 31. Ref1 1-0

[Event "1FoglarVeterans_SIM"]
[Site "?"]
[Date "2005.??.??"]
[Round "?"]
[White "Baumgartner, Ulrich"]
[Black "Brousek, Jiri"]
[Result "1/2-1/2"]
[WhiteElo "2291"]
[BlackElo "2407"]
[PlyCount "49"]
[EventDate "2005.??.??"]
[EventType "corr"]
[SourceDate "2005.05.10"]

1. d4 e6 2. e4 d5 3. Nd2 Nf6 4. e5 Nfd7 5. f4 c5 6. c3 Nc6 7. Ndf3 Qb6 8. g3
cxd4 9. cxd4 Bb4+ 10. Kf2 g5 11. fxg5 Ndxe5 12. Nxe5 Nxe5 13. Kg2 Nc4 14. Nf3
Bd7 15. Bd3 Rc8 16. Qe2 Bb5 17. Bf4 Bd6 18. h3 Bxf4 19. gxf4 Nd6 20. Qe5 O-O
21. Bb1 Ne4 22. Re1 Rc6 23. Bxe4 dxe4 24. Rxe4 Rd8 25. Re3 1/2-1/2